[Event "Gyor Amateur op 11th"]
[Site "Gyor"]
[Date "2018.01.07"]
[Round "6"]
[White "Dobronte, Laszlo"]
[Black "Vasvari, Attila"]
[Result "1-0"]
[WhiteElo "1567"]
[BlackElo "1579"]
[PlyCount "59"]
[EventDate "2018.01.06"]
[EventType "swiss"]
[EventRounds "6"]
[EventCountry "HUN"]
[SourceTitle "EXT 2019"]
[Source "ChessBase"]
[SourceDate "2018.10.10"]
[SourceVersion "1"]
[SourceVersionDate "2018.10.10"]
[SourceQuality "1"]

1. e4 c5 2. Nf3 d6 3. d4 cxd4 4. Nxd4 Nf6 5. Nc3 a6 6. h3 e5 7. Nb3 Be6 8. Be3 b5 9. a3 Be7 10. Bd3 Nbd7 11. 0-0 Nc5 12. Nxc5 dxc5 13. Qf3 c4 14. Be2 0-0 15. Qg3 Nd7 16. Rad1 Bh4 17. Qf3 Qe7 18. Nd5 Bxd5 19. Rxd5 Rac8 20. Rfd1 Nf6 21. Rd6 Ra8 22. g3 Nxe4 23. Qxe4 Bf6 24. Rd7 Qe6 25. Bg4 Qe8 26. Bc5 g6 27. Bxf8 Qxf8 28. Qb7 Qc8 29. Rxf7 Qxb7 30. Rxb7 1-0

[Event "Gyor op-B 5th"]
[Site "Gyor"]
[Date "2014.07.10"]
[Round "3"]
[White "Dobronte, Laszlo"]
[Black "Erky, Tamas"]
[Result "1-0"]
[WhiteElo "1438"]
[BlackElo "1612"]
[PlyCount "115"]
[EventDate "2014.07.09"]
[EventType "swiss"]
[EventRounds "9"]
[EventCountry "HUN"]
[SourceTitle "EXT 2016"]
[Source "ChessBase"]
[SourceDate "2015.10.08"]
[SourceVersion "1"]
[SourceVersionDate "2015.10.08"]
[SourceQuality "1"]

1. e4 e6 2. d4 d5 3. e5 c5 4. c3 Nc6 5. Nf3 Qb6 6. Be2 Nge7 7. dxc5 Qxc5 8. Be3 Qa5 9. b4 Qc7 10. Bb5 Bd7 11. Bd4 a6 12. Ba4 Nf5 13. a3 Be7 14. 0-0 0-0 15. Re1 Ncxd4 16. cxd4 Bxa4 17. Qxa4 Qb6 18. Qd1 f6 19. Nc3 fxe5 20. dxe5 Nh4 21. Re3 Rad8 22. Nd4 Nf5 23. Rd3 Nxd4 24. Rxd4 Qc7 25. Rd3 Qxe5 26. Re3 Qf4 27. Qe2 e5 28. g3 Qc4 29. Qxc4 dxc4 30. Ne4 b5 31. Kf1 Rd5 32. Rb1 Rfd8 33. Ke2 Rd3 34. Rxd3 Rxd3 35. Rc1 Rxa3 36. Nc5 Ra2+ 37. Kf3 a5 38. Nd7 Bxb4 39. Nxe5 Bc5 40. Rb1 Rxf2+ 41. Ke4 Bb4 42. Rd1 Rd2 43. Rc1 Rxh2 44. g4 c3 45. Nc6 c2 46. Kd3 Kf7 47. Nd4 Ba3 48. Rf1+ Kg6 49. Nxc2 Rh3+ 50. Ke4 Rc3 51. Nd4 b4 52. Ne6 b3 53. Rf5 Rc4+ 54. Kf3 b2 55. Rb5 Rb4 56. Rf5 Rb3+ 57. Kg2 b1Q 58. Nf4+ 1-0